00678nam a2200169 a 450000100100000000500170001000800410002704000250006810000400009324500480013326000390018130000210022065100410024165100590028295201500034199900170049100003570720200930074540.0111109s1951 fr 000 0 fre d aDO-SdBNPbspacBNPHU1 aDuhamel, Georges,d1884-196694072610aScenes de la vie future /cGeorges Duhamel. aParis :bMercvre de France,c1951. a219 p. ;c19 cm. 0aEstados UnidosxCivilización94569 0aEstados UnidosxCondiciones Socialesy1918-1932961632 0010507-18MOaGRbGRcOId2011-11-09iLF1l0o p35707-10r2020-06-25w2020-06-25y1zBiblioteca Juan Isidro Jiménes GrullónZNo se presta c35198d35198